000 00366 a2200145 4500
001 76001
020 _a9788516063306
040 _cAnchieta - Colégio São Paulo
100 _aMartho, Gilberto Rodrigues
240 1 0 _aBiologia dos organismos, 2
_lpor
245 1 0 _aBiologia dos organismos, 2
300 _a57
650 4 _aCiência da vida - Biologia
942 _cBK
999 _c76001
_d76001